003980000a22001090004500090001700000245013000017041001400147100003700161942001300198773006000211999001700271 aASbSeriadas10aInfectividad y efectividad de los actinomicetos del género Frankia asociados con Alnus acuminata ssp. acuminata en Colombia0 aEspañol1 aRestrepo Uribe, Guillermo999841 cARTICULO1 tCrónica Forestal y del Medio Ambienteh12q5-20d1997 c15580d15580